<?xml version="1.0" encoding="UTF-8"?>
<collection xmlns="http://www.loc.gov/MARC21/slim">
 <record>
  <leader>01658nam a22002417a 4500</leader>
  <controlfield tag="001">NCT_61618</controlfield>
  <controlfield tag="008">190311b        xxu||||| |||| 00| 0 vie d</controlfield>
  <datafield tag="999" ind1=" " ind2=" ">
   <subfield code="c">2984</subfield>
   <subfield code="d">2984</subfield>
  </datafield>
  <datafield tag="020" ind1=" " ind2=" ">
   <subfield code="a">9786046241867</subfield>
   <subfield code="c">65000</subfield>
  </datafield>
  <datafield tag="082" ind1="0" ind2="4">
   <subfield code="2">23rd ed.</subfield>
   <subfield code="a">519</subfield>
   <subfield code="b">H600/T.1</subfield>
  </datafield>
  <datafield tag="100" ind1="1" ind2=" ">
   <subfield code="a">Nguyễn Quý Hỷ</subfield>
  </datafield>
  <datafield tag="245" ind1="1" ind2="0">
   <subfield code="a">Các mô hình ứng dụng của lý thuyết đổi mới</subfield>
   <subfield code="n">Tập 1 </subfield>
   <subfield code="p">Mô hình rời rạc</subfield>
   <subfield code="c">Nguyễn Quý Hỷ</subfield>
  </datafield>
  <datafield tag="260" ind1=" " ind2=" ">
   <subfield code="a">H.</subfield>
   <subfield code="b">Đại học Quốc gia Hà Nội</subfield>
   <subfield code="c">2015</subfield>
  </datafield>
  <datafield tag="300" ind1=" " ind2=" ">
   <subfield code="a">271 tr.</subfield>
   <subfield code="c">24cm</subfield>
  </datafield>
  <datafield tag="520" ind1="3" ind2=" ">
   <subfield code="a">Tập 1 sách trình bày các mô hình toán rời rạc, phương trình đổi mới của quần thể thuần nhất, quần thể đóng và mô hình tự đổi mới, ....</subfield>
  </datafield>
  <datafield tag="653" ind1=" " ind2=" ">
   <subfield code="a">Khoa học cơ bản</subfield>
  </datafield>
  <datafield tag="942" ind1=" " ind2=" ">
   <subfield code="2">ddc</subfield>
   <subfield code="c">BK</subfield>
  </datafield>
  <datafield tag="952" ind1=" " ind2=" ">
   <subfield code="0">0</subfield>
   <subfield code="1">0</subfield>
   <subfield code="2">ddc</subfield>
   <subfield code="4">0</subfield>
   <subfield code="6">519_000000000000000_H600_T_1</subfield>
   <subfield code="7">0</subfield>
   <subfield code="9">16172</subfield>
   <subfield code="a">000001</subfield>
   <subfield code="b">000001</subfield>
   <subfield code="d">2019-03-11</subfield>
   <subfield code="o">519 H600/T.1</subfield>
   <subfield code="p">MD.14860</subfield>
   <subfield code="r">2019-03-11</subfield>
   <subfield code="v">65000.00</subfield>
   <subfield code="w">2019-03-11</subfield>
   <subfield code="y">BK</subfield>
  </datafield>
  <datafield tag="952" ind1=" " ind2=" ">
   <subfield code="0">0</subfield>
   <subfield code="1">0</subfield>
   <subfield code="2">ddc</subfield>
   <subfield code="4">0</subfield>
   <subfield code="6">519_000000000000000_H600_T_1</subfield>
   <subfield code="7">0</subfield>
   <subfield code="9">16173</subfield>
   <subfield code="a">000001</subfield>
   <subfield code="b">000001</subfield>
   <subfield code="d">2019-03-11</subfield>
   <subfield code="o">519 H600/T.1</subfield>
   <subfield code="p">MD.14861</subfield>
   <subfield code="r">2019-03-11</subfield>
   <subfield code="v">65000.00</subfield>
   <subfield code="w">2019-03-11</subfield>
   <subfield code="y">BK</subfield>
  </datafield>
  <datafield tag="952" ind1=" " ind2=" ">
   <subfield code="0">0</subfield>
   <subfield code="1">0</subfield>
   <subfield code="2">ddc</subfield>
   <subfield code="4">0</subfield>
   <subfield code="6">519_000000000000000_H600_T_1</subfield>
   <subfield code="7">0</subfield>
   <subfield code="9">16174</subfield>
   <subfield code="a">000001</subfield>
   <subfield code="b">000001</subfield>
   <subfield code="d">2019-03-11</subfield>
   <subfield code="o">519 H600/T.1</subfield>
   <subfield code="p">MD.14862</subfield>
   <subfield code="r">2019-03-11</subfield>
   <subfield code="v">65000.00</subfield>
   <subfield code="w">2019-03-11</subfield>
   <subfield code="y">BK</subfield>
  </datafield>
  <datafield tag="952" ind1=" " ind2=" ">
   <subfield code="0">0</subfield>
   <subfield code="1">0</subfield>
   <subfield code="2">ddc</subfield>
   <subfield code="4">0</subfield>
   <subfield code="6">519_000000000000000_H600_T_1</subfield>
   <subfield code="7">0</subfield>
   <subfield code="9">16175</subfield>
   <subfield code="a">000001</subfield>
   <subfield code="b">000001</subfield>
   <subfield code="d">2019-03-11</subfield>
   <subfield code="o">519 H600/T.1</subfield>
   <subfield code="p">MD.14863</subfield>
   <subfield code="r">2019-03-11</subfield>
   <subfield code="v">65000.00</subfield>
   <subfield code="w">2019-03-11</subfield>
   <subfield code="y">BK</subfield>
  </datafield>
  <datafield tag="952" ind1=" " ind2=" ">
   <subfield code="0">0</subfield>
   <subfield code="1">0</subfield>
   <subfield code="2">ddc</subfield>
   <subfield code="4">0</subfield>
   <subfield code="6">519_000000000000000_H600_T_1</subfield>
   <subfield code="7">0</subfield>
   <subfield code="9">16176</subfield>
   <subfield code="a">000001</subfield>
   <subfield code="b">000001</subfield>
   <subfield code="d">2019-03-11</subfield>
   <subfield code="o">519 H600/T.1</subfield>
   <subfield code="p">MD.14864</subfield>
   <subfield code="r">2019-03-11</subfield>
   <subfield code="v">65000.00</subfield>
   <subfield code="w">2019-03-11</subfield>
   <subfield code="y">BK</subfield>
  </datafield>
  <datafield tag="980" ind1=" " ind2=" ">
   <subfield code="a">Thư viện Trường Đại học Nam Cần Thơ</subfield>
  </datafield>
 </record>
</collection>
